Decks : your guide to designing and building / (Record no. 9334)

MARC details
000 -LEADER
fixed length control field 00848nac a22002411u 4500
010 ## - LIBRARY OF CONGRESS CONTROL NUMBER
LC control number 96075561
020 ## - INTERNATIONAL STANDARD BOOK NUMBER
International Standard Book Number 0696204517 :
035 ## - SYSTEM CONTROL NUMBER
System control number (OCoLC)34750962
082 00 - DEWEY DECIMAL CLASSIFICATION NUMBER
Classification number 690.893
Item number CAR
090 ## - LOCALLY ASSIGNED LC-TYPE CALL NUMBER (OCLC); LOCAL CALL NUMBER (OCLC)
-- 9334
-- 9334
100 ## - MAIN ENTRY--PERSONAL NAME
Personal name Carter, Joe
245 10 - TITLE STATEMENT
Title Decks : your guide to designing and building /
Statement of responsibility, etc Joe Carter.
246 3# - VARYING FORM OF TITLE
Title proper/short title Better homes and gardens decks
260 ## - PUBLICATION, DISTRIBUTION, ETC. (IMPRINT)
Place of publication, distribution, etc Des Moines, Iowa :
Name of publisher, distributor, etc Better Homes and Gardens Books,1996.
Date of publication, distribution, etc c1996.
300 ## - PHYSICAL DESCRIPTION
Extent 112 p. :
Other physical details col. ill. ;
Dimensions 28 cm.
500 ## - GENERAL NOTE
General note Includes index.
500 ## - GENERAL NOTE
General note At head of title: Better Homes and Gardens.
500 ## - GENERAL NOTE
General note Distributer: Al-Ahram
511 ## - PARTICIPANT OR PERFORMER NOTE
Participant or performer note Catalogued by: Sara
650 #0 - SUBJECT ADDED ENTRY--TOPICAL TERM
Topical term or geographic name as entry element Decks (Architecture, Domestic)
General subdivision Design and construction.
710 2# - ADDED ENTRY--CORPORATE NAME
Corporate name or jurisdiction name as entry element Better Homes and Gardens Books (Firm)
942 ## - ADDED ENTRY ELEMENTS (KOHA)
Item type Book - Borrowing
Call number prefix 690.893CAR
Holdings
Withdrawn status Item status Damaged status Not for loan Home library Current library Shelving location Date acquired Source of acquisition Total Checkouts Full call number Barcode Date last seen Koha item type
        Central Library Central Library First floor 04/05/2008 Purchase   690.893CAR 000011097 15/07/2025 Book - Borrowing